000 00318nam a22001337a 4500
008 171124b xxu||||| |||| 00| 0 eng d
020 _a9780781795760
041 _aeng
080 _27TH
_a618.2
100 _a2
101 _aINF
245 _aNURSES HANDBOOK OF HEALTH ASSESSMENT
_cWEBER,J.R
942 _2udc
_cBK
999 _c38438
_d38438